Tribhuvan University Central Library

Nepali shabdasagarma kosh baigyanik suchana (Record no. 103334)

MARC details
000 -LEADER
fixed length control field 00492nam a22001577a 4500
008 - FIXED-LENGTH DATA ELEMENTS--GENERAL INFORMATION
fixed length control field 220209b |||||||| |||| 00| 0 eng d
082 ## - DEWEY DECIMAL CLASSIFICATION NUMBER
Classification number N495.5103/Bh588n
100 ## - MAIN ENTRY--PERSONAL NAME
Personal name Bhattarai, Shivaprasad
245 ## - TITLE STATEMENT
Title Nepali shabdasagarma kosh baigyanik suchana
260 ## - PUBLICATION, DISTRIBUTION, ETC.
Place of publication, distribution, etc. Kathmandu;
Name of publisher, distributor, etc. Central Department of Nepali,
Date of publication, distribution, etc. 2070BS
300 ## - PHYSICAL DESCRIPTION
Other physical details Ja, 169p.
502 ## - DISSERTATION NOTE
Dissertation note Thesis (M. Phil. in Nepali) ,TU
504 ## - BIBLIOGRAPHY, ETC. NOTE
Bibliography, etc. note Bibliography: p. 164-168
650 ## - SUBJECT ADDED ENTRY--TOPICAL TERM
Topical term or geographic name entry element Nepali Language -Dictionary
942 ## - ADDED ENTRY ELEMENTS (KOHA)
Source of classification or shelving scheme Dewey Decimal Classification
Koha item type Theses and Dissertations
Holdings
Withdrawn status Lost status Source of classification or shelving scheme Damaged status Not for loan Home library Current library Date acquired Total Checkouts Full call number Barcode Date last seen Price effective from Koha item type
    Dewey Decimal Classification     Tribhuvan University Central Library Tribhuvan University Central Library 02/09/2022   N495.5103/Bh588n D14294 02/09/2022 02/09/2022 Theses and Dissertations